000 00392nam a22001337a 4500
008 140326b xxu||||| |||| 00| 0 eng d
050 _aBX2182.2.N993
100 _aNathi, Jerome R.
_99446
245 _aReflections on Christian Experience
_cFr. Jerome Rono Nyathi
260 _bILizwi Publications
_c2004
300 _a60p. ;
_c21cm.
650 _aMeditations
_99447
942 _2lcc
_cMONOGRAPH
999 _c120283
_d120283